| 000 | 00755nac a22001931u 4500 | ||
|---|---|---|---|
| 010 | _a 92046080 | ||
| 020 | _a0026019612 | ||
| 082 | 0 | 0 |
_a641.64 _bRIE |
| 090 |
_c7444 _d7444 |
||
| 100 | _aRiely, Elizabeth. | ||
| 245 | 1 | 2 |
_aA feast of fruits / _cElizabeth Riely ; color photography by Ellen Silverman. |
| 260 |
_aNew York : _bMacmillan ; _aToronto : _bMaxwell Macmillan Canada ; _aNew York : _bMaxwell Macmillan International,c1993. _cc1993. |
||
| 300 |
_axii, 340 p., [8] p. of plates : _bcol. ill. ; _c25 cm. |
||
| 500 | _aDistributer: Al-Ahram. | ||
| 504 | _aIncludes bibliographical references (p. 323) and index. | ||
| 511 | _aCatalogued By: Mahitab. | ||
| 650 | 0 | _aCookery (Fruit) | |
| 942 |
_cBB _k641.64RIE |
||
| 999 |
_c7444 _d7444 |
||